000 01158nam a22002777a 4500
999 _c64860
_d64860
005 20240530110755.0
008 181227s2017 ua g b 000 0 ara d
017 _a2016/26200
_bمصر. دار الكتب
020 _a9789770482087
040 _aEG-CaGPL
_cEG-CaGPL
082 0 4 _221
_a342.068/
_bم إ
100 0 _aمجيب عبدالله فيروز
245 1 0 _aاجراءات وضمانات تاديب الموظف العام فى ضوء قاون الخدمة المدنية :
_bمتضمنا احدث احكام مجلس الدولة المصرى /
_cمجيب عبدالله فيروز
250 _aط.1
260 _aالقاهرة :
_bدار النهضة العربية،
_c2017.
300 _a395 ص. ؛
_c24 سم.
504 _aيشتمل على ارجاعات ببليوجرافية
650 0 7 _2qrmak
_aالموظفون
650 0 7 _2qrmak
_aالقانون الادارى
650 0 7 _2qrmak
_aالموظفون
_xحق العمل
650 0 7 _2qrmak
_aالقرارات الادارية
650 0 7 _2qrmak
_aالاجراءات الادارية
651 _2qrmak
942 _2ddc
_cBK